00675cam a22002291 4500001001300000003000400013005001700017008004100034010001700075035001900092040001800111042001200129050002400141082001000165100002000175245008900195260004600284300002600330490002900356700004300385999001700428ca 35000636 DLC20260227111138.0800528s1935 maua 000 0 eng  aca 35000636  a(OCoLC)6363391 aDLCcOCldDLC apremarc00aPS3543.A77bH6 1935 a812.51 aVarick, Jane N.10aHoneymoon inn;ba play in three acts,cby Jane N. Varick, revised by J. C. McMullen. aBoston,bWalter H. Baker companyc[c1935] a84 p.bdiagr.c19 cm.0 aBaker's edition of plays1 aMcMullen, J. C.q(Joseph Carl),d1882- c17854d17854